Music Quiz

Random Music or Album Quiz

NME Top Albums of All Time Quiz Stats

 Plays Quiz not verified by Sporcle

Support Sporcle.
Go Orange.
Score 0/300 Timer 20:00
0 Plays Today
Album Answer % Correct
Please Please MeThe Beatles
99.3%
A Hard Day's NightThe Beatles
99.3%
Sgt Pepper's Lonely Hearts Club BandThe Beatles
99.3%
Rubber SoulThe Beatles
99.3%
Abbey RoadThe Beatles
99.3%
The _____ (White Album)The Beatles
99.3%
RevolverThe Beatles
99.3%
Young AmericansDavid Bowie
98.6%
Let's DanceDavid Bowie
98.6%
Aladdin SaneDavid Bowie
98.6%
Station to StationDavid Bowie
98.6%
The Rise and Fall of Ziggy Stardust and The Spiders From MarsDavid Bowie
98.6%
LowDavid Bowie
98.6%
Hunky DoryDavid Bowie
98.6%
MTV Unplugged in New YorkNirvana
98.2%
In UteroNirvana
98.2%
NevermindNirvana
98.2%
Kid ARadiohead
97.4%
The BendsRadiohead
97.4%
In RainbowsRadiohead
97.4%
OK ComputerRadiohead
97.4%
(What's the Story) Morning Glory?Oasis
97.3%
Definitely MaybeOasis
97.3%
Beggars BanquetThe Rolling Stones
97%
Sticky FingersThe Rolling Stones
97%
Let it BleedRolling Stones
97%
Exile On Main St.Rolling Stones
97%
HorsesPatti Smith
96.8%
Off the WallMichael Jackson
96.7%
BadMichael Jackson
96.7%
ThrillerMichael Jackson
96.7%
The Piper at the Gates of DawnPink Floyd
96.5%
The Dark Side of the MoonPink Floyd
96.5%
Either/OrElliott Smith
96.3%
The Slim Shady LPEminem
96%
The Marshall Mathers LPEminem
96%
Meat is MurderThe Smiths
95.8%
Hatful of HollowThe Smiths
95.8%
The _____The Smiths
95.8%
Strangeways, Here We ComeThe Smiths
95.8%
The Queen is DeadThe Smiths
95.8%
Surf's UpBeach Boys
95.7%
Pet SoundsThe Beach Boys
95.7%
The _____The Clash
95.6%
London CallingThe Clash
95.6%
Never Mind the BollocksThe Sex Pistols
95.6%
Sign o' the TimesPrince
95.4%
Purple RainPrince & The Revolution
95.4%
NebraskaBruce Springsteen
94.6%
Darkness on the Edge of TownBruce Springsteen
94.6%
Born to RunBruce Springsteen
94.6%
DesireBob Dylan
94.2%
Bringing It All Back HomeBob Dylan
94.2%
Highway 61 RevisitedBob Dylan
94.2%
Blonde on BlondeBob Dylan
94.2%
Blood on the TracksBob Dylan
94.2%
Electric LadylandJimi Hendrix
93%
_____ _____ IIILed Zeppelin
92.9%
IVLed Zeppelin
92.9%
_____Blur
92.8%
13Blur
92.8%
Modern Life is RubbishBlur
92.8%
ParklifeBlur
92.8%
Back to BlackAmy Winehouse
91.8%
Is This ItThe Strokes
91.5%
Back in BlackAC DC
91%
Elephant The White Stripes
91%
De StijlThe White Stripes
91%
The College DropoutKanye West
90.9%
My Beautiful Dark Twisted FantasyKanye West
90.9%
The _____ by NumbersThe Who
90.5%
QuadropheniaThe Who
90.5%
ParachutesColdplay
90.3%
A Rush of Blood to the HeadColdplay
90.3%
DookieGreen Day
90.2%
What's Going OnMarvin Gaye
90.1%
Whatever People Say I Am, That's What I'm NotArctic Monkeys
90.1%
Midnight LoveMarvin Gaye
90.1%
GreenREM
90.1%
MurmurREM
90.1%
Automatic for the PeopleREM
90.1%
Neon BibleArcade Fire
90%
The SuburbsArcade Fire
90%
FuneralArcade Fire
90%
Surfer RosaPixies
89.7%
DoolittlePixies
89.7%
Unknown PleasuresJoy Division
89.3%
CloserJoy Division
89.3%
Appetite for DestructionGuns N' Roses
89.1%
Are You Experienced?The Jimi Hendrix Experience
89.1%
At Folsom PrisonJohnny Cash
88.9%
ImagineJohn Lennon
88.8%
_____ _____/_____ _____ _____John Lennon & Plastic Ono Band
88.8%
Raw PowerIggy & The Stooges
88.7%
RumoursFleetwood Mac
88.7%
Yo! Bum Rush the ShowPublic Enemy
87.4%
Fear of a Black PlanetPublic Enemy
87.4%
It Takes a Nation of Millions to Hold Us BackPublic Enemy
87.4%
Straight Outta ComptonNWA
86.9%
Ill CommunicationBeastie Boys
86.9%
Album Answer % Correct
Paul's BoutiqueBeastie Boys
86.9%
On the BeachNeil Young
86.5%
HarvestNeil Young
86.5%
After the Gold RushNeil Young
86.5%
GracelandPaul Simon
86.2%
This is HardcorePulp
86%
His 'n' HersPulp
86%
Different ClassPulp
86%
TapestryCarole King
85.6%
The _____ _____ & _____The Velvet Underground & Nico
85.5%
LoadedThe Velvet Underground
85.2%
Songs in the Key of LifeStevie Wonder
84.4%
Music of My MindStevie Wonder
84.4%
InnervisionsStevie Wonder
84.4%
The Miseducation of _____ _____Lauryn Hill
84.2%
Parallel LinesBlondie
83.8%
The _____ Are the Village Green Preservation SocietyThe Kinks
83.7%
The BlueprintJay-Z
82.8%
To Bring You My LovePJ Harvey
82.3%
DryPJ Harvey
82.3%
Stories from the City, Stories from the SeaPJ Harvey
82.3%
Let England ShakePJ Harvey
82.3%
XTRMNTRPrimal Scream
81.8%
ScreamadelicaPrimal Scream
81.8%
Fear of MusicTalking Heads
81.3%
Remain in LightTalking Heads
81.3%
TransformerLou Reed
81.1%
DisintegrationThe Cure
80.9%
Lust for LifeIggy Pop
80.7%
Ray of LightMadonna
80.7%
Urban HymnsThe Verve
79.8%
Doggystyle Snoop Dogg
79.3%
Speakerboxxx/The Love BelowOutKast
79.1%
Computer WorldKraftwerk
79.1%
Trans-Europe ExpressKraftwerk
79.1%
The Man MachineKraftwerk
79.1%
Astral WeeksVan Morrison
79%
The Kick InsideKate Bush
78.8%
Hounds of LoveKate Bush
78.8%
Fun HouseThe Stooges
78.7%
Marquee MoonTelevision
78.7%
Enter the _____ (36 Chambers)Wu-Tang Clan
78.5%
Siamese DreamSmashing Pumpkins
78.4%
GraceJeff Buckley
78.2%
Daydream NationSonic Youth
77.9%
The Hissing of Summer LawnsJoni Mitchell
77.6%
BlueJoni Mitchell
77.6%
Kind of BlueMiles Davis
77.5%
_____Weezer
77.5%
PinkertonWeezer
77.5%
The _____ _____The Stone Roses
77.4%
DummyPortishead
76.6%
Songs for the DeafQueens of the Stone Age
76.4%
Celebrity SkinHole
76.3%
Live Through ThisHole
76.3%
Power, Corruption and LiesNew Order
76.3%
TechniqueNew Order
76.3%
Isn't AnythingMy Bloody Valentine
76.2%
LovelessMy Bloody Valentine
76.2%
MezzanineMassive Attack
75.5%
Blue LinesMassive Attack
75.5%
The ChronicDr Dre
75.3%
IllmaticNas
75%
The _____The Libertines
74.3%
Up the BracketThe Libertines
74.3%
DiscoveryDaft Punk
73.5%
All Mod ConsThe Jam
73.3%
The Holy BibleManic Street Preachers
73.3%
DebutBjork
73.1%
Live at the ApolloJames Brown
72.5%
Everything Must GoManic Street Preachers
72.4%
_____!Neu!
72.1%
PsychocandyThe Jesus and Mary Chain
72%
The Fat of the LandProdigy
71.4%
Music for the Jilted GenerationProdigy
71.4%
In the Aeroplane Over the SeaNeutral Milk Hotel
71.4%
Forever ChangesLove
71.4%
Live!Bob Marley & The Wailers
71%
Natty DreadBob Marley & The Wailers
71%
_____Suede
70.7%
Dog Man StarSuede
70.7%
My Aim is TrueElvis Costello
70.5%
This Year's ModelElvis Costello & The Attractions
70.5%
Lady SoulAretha Franklin
70.2%
_____ in MemphisDusty Springfield
69.8%
Original Pirate MaterialThe Streets
69.4%
A Grand Don't Come for FreeThe Streets
69.4%
The Boatman's CallNick Cave & The Bad Seeds
68.5%
Murder BalladsNick Cave & The Bad Seeds
68.5%
Let Love InNick Cave & The Bad Seeds
68.5%
Trout Mask ReplicaCaptain Beefheart & The Magic Band
67.8%
Rain DogsTom Waits
67.6%
Sound of SilverLCD Soundsystem
67.3%
Five Leaves LeftNick Drake
67%
Bryter LayterNick Drake
67%
IllinoiseSufjan Stevens
66.7%
The Soft BulletinThe Flaming Lips
66.6%
Brighten the CornersPavement
65.8%
Slanted and EnhancedPavement
65.8%
A Love SupremeJohn Coltrane
65.6%
Album Answer % Correct
The _____The Doors
65.4%
Electric WarriorT Rex
65.4%
PearlJanis Joplin
65.3%
3 Feet High and RisingDe La Soul
64.8%
Turn on the Bright LightsInterpol
64.5%
Moon SafariAir
64.3%
DrukqsAphex Twin
63.8%
Selected Ambient Works 85-92Aphex Twin
63.8%
Reign in BloodSlayer
63.1%
KalaMIA
63%
Show Your BonesYeah Yeah Yeahs
62.4%
Fever to TellYeah Yeah Yeahs
62.4%
Channel OrangeFrank Ocean
62.2%
Odyssey and OracleThe Zombies
62%
_____ _____Roxy Music
61.4%
For Your PleasureRoxy Music
61.4%
Ladies and Gentlemen We are Floating in SpaceSpiritualized
61%
Songs of _____ _____Leonard Cohen
60.4%
_____Ramones
58.5%
If You're Feeling SinisterBelle and Sebastian
58.5%
Metal BoxPublic Image Ltd
58.3%
AlligatorThe National
57.8%
BoxerThe National
57.8%
One Nation Under a GrooveFunkadelic
57.4%
Ocean RainEcho & The Bunnymen
57.2%
Heaven Up HereEcho & The Bunnymen
57.2%
DareThe Human League
56.1%
The Lexicon of LoveABC
55.9%
Entertainment!Gang of Four
55.7%
Youth and Young ManhoodKings of Leon
55.6%
Ege BamyasiCan
53.4%
Spirit of EdenTalk Talk
52.9%
Younger Than YesterdayThe Byrds
52.4%
Grand PrixTeenage Fanclub
51.8%
BandwagonesqueTeenage Fanclub
51.8%
Myths of the Near FutureKlaxons
51.6%
NightclubbingGrace Jones
51.5%
Don't Stand Me DownDexy's Midnight Runners
51.5%
Searching for the Young Soul RebelsDexy's Midnight Runners
51.5%
The Last SplashThe Breeders
51.5%
MaxinquayeTricky
50.8%
Liquid SwordsGZA
49.6%
The _____The Band
49.2%
_____ _____Franz Ferdinand
49.1%
69 Love SongsThe Magnetic Fields
49%
Boy in da CornerDizzee Rascal
48.9%
_____....So AddictiveMissy Elliott
48.8%
_____ _____ _____ _____Rage Against the Machine
48.4%
Fuzzy LogicSuper Furry Animals
47.7%
RadiatorSuper Furry Animals
47.7%
Hex Enduction HourThe Fall
46.8%
GoldRyan Adams
46.3%
Histoire de Melody NelsonSerge Gainsbourg
46.1%
SkyingThe Horrors
45.4%
Primary ColoursThe Horrors
45.4%
Teen DreamBeach House
45.1%
Music Has the Right to ChildrenBoards of Canada
44.9%
Deserter's SongsMercury Rev
44.6%
Relationship of CommandAt the Drive-In
44%
Paid in FullEric B & Rakim
44%
I'm Wide Awake, It's MorningBright Eyes
43.9%
Down in AlbionBabyshambles
43.9%
New Boots and Panties!!Ian Dury
43%
Young TeamMogwai
42.5%
BehaviourPet Shop Boys
42.3%
Liege & LiefFairport Convention
41.6%
13 SongsFugazi
41.2%
Rattus NorvegicusThe Stranglers
40.6%
RisquéChic
40%
CutThe Slits
39.6%
The _____The La's
38.7%
The English RivieraMetronomy
38.2%
The _____The xx
38.2%
Broken EnglishMarianne Faithfull
37.9%
Germfree AdolescentsX-Ray Spex
37.8%
_____Elastica
36.8%
SmotherWild Beasts
36.7%
Two DancersWild Beasts
36.7%
I Speak Because I CanLaura Marling
36.4%
Reading, Writing and ArithmeticThe Sundays
36.1%
VisionsGrimes
35.8%
_____Todd Rundgren
35.7%
A Wizard, A True StarTodd Rundgren
35.7%
The _____The Specials
35.3%
Giant StepsThe Boo Radleys
35.1%
Want OneRufus Wainwright
34.5%
DustScreaming Trees
34%
_____Suicide
33.8%
The New FellasThe Cribs
32.5%
High Land, Hard RainAztec Camera
32.4%
16 Lovers LaneThe Go-Betweens
32.4%
Exile On Main StreetPussy Galore
29.7%
Duck RockMalcolm McLaren
29.6%
StupidityDr Feelgood
28.4%
The _____The Coral
28.1%
Criminal MindedBoogie Down Productions
26.8%
Expecting to FlyBluetone
26.2%
_____Glasvegas
25.4%
The _____ _____Jonathan Richman & The Modern Lover
23.9%
_____ _____Fever Ray
21.8%

You're not logged in!

Compare scores with friends on all Sporcle quizzes.
OR
Log In

From the Vault

'F' Cities by Picture

by william2

Fly for far-away, foreign field trip!
Remove Ads.
Support Sporcle.
Get the best of Sporcle when you Go Orange. This ad-free experience offers more features, more stats, and more fun while also helping to support Sporcle. Thank you for becoming a member.

Show Comments

Extras

Created Oct 29, 2013ReportNominate
Tags:Album Quiz, All Time, nme, Top Albums

Top Quizzes Today


Score Distribution

Your Account Isn't Verified!

In order to create a playlist on Sporcle, you need to verify the email address you used during registration. Go to your Sporcle Settings to finish the process.

Report this User

Report this user for behavior that violates our Community Guidelines.

Details: